Strukturální fondy Evropské unie

Hospodárska a sociálna súdržnosť Európskej únie. Princípy štrukturálnej politiky. Charakteristika štrukturálnych fondov. Formy pomoci zo štrukturálnych fondov. Štrukturálna a regionálna politika EÚ. Realizačné postupy. Inštitucionálne zabezpečenie využívania prostriedkov zo štrukturálnych fondov v Č...

ver descrição completa

Na minha lista:
Detalhes bibliográficos
Autor principal: Beranová, Petra
Formato: Capítulo de Livro
Idioma:tcheco
Assuntos:
Tags: Adicionar Tag
Sem tags, seja o primeiro a adicionar uma tag!

MARC

LEADER 00000naa$a2200000$$$4500
001 0020086
005 20231114081359.3
041 0 |a cze 
044 |a CZ 
245 1 0 |a Strukturální fondy Evropské unie  |c Petra Beranová 
520 |a Hospodárska a sociálna súdržnosť Európskej únie. Princípy štrukturálnej politiky. Charakteristika štrukturálnych fondov. Formy pomoci zo štrukturálnych fondov. Štrukturálna a regionálna politika EÚ. Realizačné postupy. Inštitucionálne zabezpečenie využívania prostriedkov zo štrukturálnych fondov v Českej republike. Súčasný stav prípravy na čerpanie prostriedkov zo štrukturálnych fondov a príprava projektu. 
610 2 0 |a Česko 
610 2 0 |a Európska únia 
610 2 0 |a politika regionálna 
610 2 0 |a politika štruktúrna 
610 2 0 |a politika sociálna 
610 2 0 |a fondy štruktúrne 
610 2 0 |a projekty 
610 2 0 |a pomoc rozvojová 
100 1 |a Beranová, Petra